Statistics for Canadian Geography by Letter - O

Click here to take the quiz!

General Stats

  • This quiz has been taken 10 times
  • The average score is 3 of 8

Answer Stats

HintAnswer% Correct
Province of the aboveOntario
100%
Canada's capitalOttawa
100%
Wine growing valley in the BC interiorOkanagan
20%
Affluent town west of Toronto on Lake OntarioOakville
10%
City in the east of the Greater Toronto AreaOshawa
10%
Canada's only desertOsoyoos
10%
Alberta reserve of bitumenOil Sands
0%
Historic Montreal borough home of St Joseph's OratoryOutremont
0%

Score Distribution

Percentile by Number Answered

Percent of People with Each Score

Your Score History

You have not taken this quiz